[Event "Landesklasse West 2011/2012"]
[Site "?"]
[Date "2011.09.18"]
[Round "1"]
[White "Königsdörfer, Gerhard"]
[Black "Ziegenfuß, Holger"]
[Result "1-0"]
[WhiteElo "1864"]
[BlackElo "1910"]
[PlyCount "85"]
[EventDate "2011.??.??"]
[WhiteTeam "SV Wartburgstadt Eisenach"]
[BlackTeam "Schachclub Rochade Leinefelde"]

1. e4 c5 2. Nf3 d6 3. Bb5+ Bd7 4. Bxd7+ Qxd7 5. c4 Nc6 6. O-O g6 7. d4 cxd4 8.
Nxd4 Nf6 9. f3 Bg7 10. Be3 O-O 11. Nc3 Rfc8 12. b3 Qd8 13. Qd2 Qa5 14. Rac1 a6
15. Nxc6 bxc6 16. Qf2 Rab8 17. Na4 c5 18. Bd2 Qc7 19. Bc3 Ne8 20. f4 f5 21.
exf5 gxf5 22. Qg3 e6 23. Rfe1 Qf7 24. Rcd1 Rc6 25. Bxg7 Nxg7 26. Qf3 Rbc8 27.
Rd3 Kf8 28. Qd1 Rd8 29. Re5 Qf6 30. Rxc5 Rxc5 31. Nxc5 Qe7 32. Na4 Ne8 33. Qf3
Nf6 34. Nc3 Ng4 35. Qg3 Kf7 36. h3 Qa7+ 37. Kf1 Nf6 38. Qf3 Qb6 39. g4 Rg8 40.
g5 e5 41. Nd5 Qc5 42. Nxf6 e4 43. Qh5+ 1-0

[Event "Landesklasse West 2011/2012"]
[Site "?"]
[Date "2011.09.18"]
[Round "1"]
[White "Frank, Thomas"]
[Black "Heyl, Peter"]
[Result "1/2-1/2"]
[WhiteElo "1891"]
[BlackElo "1676"]
[PlyCount "89"]
[EventDate "2011.??.??"]
[WhiteTeam "Schachclub Rochade Leinefelde"]
[BlackTeam "SV Wartburgstadt Eisenach"]

1. d4 d5 2. c4 e6 3. Nc3 Nf6 4. cxd5 exd5 5. Bg5 Be7 6. Qc2 Nc6 7. e3 Nb4 8.
Qd1 Bf5 9. Rc1 O-O 10. a3 Nc6 11. Nf3 Ne4 12. Bf4 Nxc3 13. Rxc3 Bd6 14. Bg5 Be7
15. Bf4 Bd6 16. Bg3 Re8 17. Bb5 Bd7 18. Bxd6 cxd6 19. O-O Rc8 20. Qc2 g6 21.
Rc1 Qa5 22. Bd3 Ne7 23. b4 Qb6 24. Qb3 Rxc3 25. Rxc3 Rc8 26. h3 Kg7 27. Ne1 a6
28. Be2 Bb5 29. Rxc8 Nxc8 30. Bf3 Bc4 31. Qc3 Ne7 32. Nc2 f5 33. g3 Qc6 34. Bg2
b5 35. Ne1 Kg8 36. Nf3 Qc8 37. Ng5 h6 38. Nf3 Kh7 39. Nd2 Qe6 40. f3 Ng8 41.
Kf2 Nf6 42. Qc2 Kg7 43. g4 Ng8 44. Qc3 Qf6 45. Kg3 1/2-1/2

[Event "Landesklasse West 2011/2012"]
[Site "?"]
[Date "2011.09.18"]
[Round "1"]
[White "Seeboth, Paul"]
[Black "Graupner, Markus"]
[Result "1/2-1/2"]
[WhiteElo "1780"]
[BlackElo "1643"]
[PlyCount "44"]
[EventDate "2011.??.??"]
[WhiteTeam "Schachclub Rochade Leinefelde"]
[BlackTeam "SV Wartburgstadt Eisenach"]

1. d4 d5 2. c4 e6 3. Nc3 Nf6 4. Bg5 Nbd7 5. e3 Be7 6. Qc2 a6 7. Nf3 h6 8. Bh4
O-O 9. Bd3 dxc4 10. Bxc4 b5 11. Be2 Bb7 12. a3 c5 13. O-O c4 14. b3 cxb3 15.
Qxb3 Nd5 16. Bxe7 Qxe7 17. Rac1 Rfc8 18. Nd2 Nxc3 19. Rxc3 Rxc3 20. Qxc3 Rc8
21. Qb2 Nb6 22. Rc1 Qd7 1/2-1/2

[Event "Landesklasse West 2011/2012"]
[Site "?"]
[Date "2011.09.18"]
[Round "1"]
[White "Hoppe, Hans-Jörg"]
[Black "Müller, Sebastian"]
[Result "0-1"]
[WhiteElo "1537"]
[BlackElo "1779"]
[PlyCount "150"]
[EventDate "2011.??.??"]
[WhiteTeam "SV Wartburgstadt Eisenach"]
[BlackTeam "Schachclub Rochade Leinefelde"]

1. c4 e5 2. Nc3 f5 3. e3 Nf6 4. g3 Bb4 5. Bg2 c6 6. Nge2 d6 7. O-O Be6 8. b3 d5
9. cxd5 cxd5 10. a3 Be7 11. Bb2 Nc6 12. b4 a6 13. f4 e4 14. d3 Qb6 15. Qd2 Ng4
16. Nd1 Bf6 17. Bxf6 Nxf6 18. dxe4 dxe4 19. Re1 Rd8 20. Qc1 O-O 21. Nec3 Ne7
22. Na4 Qd6 23. Nc5 Bc8 24. Bf1 Ned5 25. Bc4 Kh8 26. Ra2 b5 27. Bb3 Qb6 28. Rd2
Bb7 29. Nc3 Nxc3 30. Qxc3 Rxd2 31. Qxd2 Rd8 32. Qa2 a5 33. Ne6 Rd3 34. Nc5 Rd8
35. Be6 Bd5 36. Bxd5 Nxd5 37. Qb2 axb4 38. axb4 Rc8 39. Qd4 Nxb4 40. Qxb4 Qxc5
41. Qxc5 Rxc5 42. Re2 g6 43. Rb2 Kg7 44. Kf2 Kf6 45. Ke2 Ke6 46. Kd2 Kd5 47.
Rb4 Kc6 48. Rb3 Kb6 49. h3 Rc7 50. Ra3 b4 51. Ra2 Kb5 52. Ra8 Kc4 53. Ra1 Rd7+
54. Ke2 b3 55. Rc1+ Kb4 56. Rc8 b2 57. Rb8+ Kc3 58. Rc8+ Kb3 59. Rb8+ Kc2 60.
Rc8+ Kb1 61. Ke1 Rd3 62. Ke2 Ka2 63. Rc2 Kb3 64. Rc8 b1=Q 65. Rb8+ Kc2 66. Rxb1
Kxb1 67. g4 Kc2 68. gxf5 gxf5 69. h4 Rd2+ 70. Ke1 Kd3 71. h5 Kxe3 72. h6 Rc2
73. Kf1 Ra2 74. Kg1 Kf3 75. Kh1 Kg3 0-1

[Event "Landesklasse West 2011/2012"]
[Site "?"]
[Date "2011.09.18"]
[Round "1"]
[White "Petiko, Jakob"]
[Black "Becker, Walter"]
[Result "1-0"]
[WhiteElo "1929"]
[BlackElo "1420"]
[PlyCount "65"]
[EventDate "2011.??.??"]
[WhiteTeam "Schachclub Rochade Leinefelde"]
[BlackTeam "SV Wartburgstadt Eisenach"]

1. c4 Nf6 2. Nc3 g6 3. e4 e5 4. g3 Bg7 5. Bg2 O-O 6. d3 d6 7. Nge2 Nbd7 8. O-O
Nb6 9. h3 Be6 10. Be3 c5 11. Qd2 Qb8 12. Kh2 a6 13. Bh6 Ne8 14. Bxg7 Kxg7 15.
f4 f5 16. exf5 Rxf5 17. g4 Rf7 18. fxe5 dxe5 19. Rxf7+ Bxf7 20. Qg5 Qc7 21. Ng3
Kh8 22. Re1 Nd7 23. Rf1 Nd6 24. Nd5 Qd8 25. Qe3 Rb8 26. Ne4 Bxd5 27. Nxd6 Be6
28. Nf7+ Bxf7 29. Rxf7 b5 30. Qh6 Qg8 31. Rxd7 bxc4 32. Bd5 Rxb2+ 33. Kg3 1-0

[Event "Landesklasse West 2011/2012"]
[Site "?"]
[Date "2011.09.18"]
[Round "1"]
[White "Lehmann, Peter"]
[Black "August, Daniel"]
[Result "1/2-1/2"]
[WhiteElo "1908"]
[BlackElo "1804"]
[PlyCount "100"]
[EventDate "2011.??.??"]
[WhiteTeam "ESV Lok Meiningen"]
[BlackTeam "TSG Ruhla"]

1. d4 d6 2. Nf3 Nf6 3. e3 g6 4. c4 Bg7 5. Nc3 O-O 6. Be2 Nbd7 7. O-O e5 8. b3
e4 9. Nd2 Re8 10. Qc2 Qe7 11. Ba3 Nf8 12. Rac1 Bf5 13. Rfe1 Qd7 14. Nf1 g5 15.
c5 a6 16. Na4 dxc5 17. Nxc5 Qc8 18. Na4 b5 19. Nc5 h5 20. Qd2 h4 21. Rc2 Nd5
22. Rec1 Ng6 23. Bb4 h3 24. g3 Nxb4 25. Qxb4 Ne7 26. Nd2 Nd5 27. Qa5 Bf8 28. a4
c6 29. Nf1 Be7 30. axb5 axb5 31. Qd2 Bd8 32. Ra2 Rxa2 33. Qxa2 Bg4 34. Qd2 Bb6
35. Qd1 Bxe2 36. Qxe2 g4 37. Nd2 Bxc5 38. Rxc5 f5 39. Qd1 Qb7 40. Qc1 Rc8 41.
Nb1 b4 42. Nd2 Nc3 43. Qf1 Nd5 44. Nc4 Ra8 45. Na5 Qa6 46. Nxc6 Qxf1+ 47. Kxf1
Ra1+ 48. Ke2 Nc3+ 49. Kd2 Ra2+ 50. Ke1 Ra1+ 1/2-1/2

[Event "Landesklasse West 2011/2012"]
[Site "?"]
[Date "2011.09.18"]
[Round "1"]
[White "Grube, Jan"]
[Black "Kirsch, Uwe"]
[Result "0-1"]
[WhiteElo "1832"]
[BlackElo "1863"]
[PlyCount "66"]
[EventDate "2011.??.??"]
[WhiteTeam "ESV Lok Meiningen"]
[BlackTeam "TSG Ruhla"]

1. c4 Nf6 2. d4 g6 3. Nc3 Bg7 4. e4 d6 5. f3 O-O 6. Be3 e5 7. dxe5 dxe5 8. Nb5
Na6 9. a3 c6 10. Nc3 Qe7 11. Qc2 Rd8 12. Nge2 Nc5 13. Nc1 Ne6 14. N1e2 Nd4 15.
Qa4 Nd7 16. Bxd4 exd4 17. Nd5 cxd5 18. cxd5 Nc5 19. Qc4 b5 20. Qxb5 Ba6 21. Qc6
Rac8 22. Nf4 Rxc6 23. dxc6 Bxf1 24. Kxf1 Qe5 25. Nd5 Rxd5 26. exd5 Nb3 27. Re1
Qb8 28. g4 Be5 29. Kg2 Qd6 30. Re2 Qxd5 31. Rhe1 Bc7 32. Re8+ Kg7 33. Rc8 Qd6
0-1

[Event "Landesklasse West 2011/2012"]
[Site "?"]
[Date "2011.09.18"]
[Round "1"]
[White "Thrän, Uwe"]
[Black "Von Otte, Wilhelm"]
[Result "0-1"]
[WhiteElo "1800"]
[BlackElo "1836"]
[PlyCount "68"]
[EventDate "2011.??.??"]
[WhiteTeam "TSG Ruhla"]
[BlackTeam "ESV Lok Meiningen"]

1. d4 Nf6 2. c4 g6 3. Nc3 Bg7 4. e4 d6 5. f3 Na6 6. Be3 c6 7. Bd3 e5 8. d5 Nh5
9. Nge2 f5 10. exf5 gxf5 11. Qc2 Nb4 12. a3 Nxd3+ 13. Qxd3 O-O 14. dxc6 bxc6
15. O-O f4 16. Bf2 Bf5 17. Ne4 d5 18. cxd5 cxd5 19. Rfd1 Bxe4 20. fxe4 d4 21.
Qf3 Qg5 22. Rac1 Rac8 23. b4 Nf6 24. Rc5 Rxc5 25. bxc5 Qg6 26. Nxd4 exd4 27.
Rxd4 Ng4 28. Rd6 Ne5 29. Qb3+ Qf7 30. Qd1 f3 31. g3 Ng4 32. c6 Nxf2 33. Kxf2
Qa2+ 34. Kf1 Qg2+ 0-1

[Event "Landesklasse West 2011/2012"]
[Site "?"]
[Date "2011.09.18"]
[Round "1"]
[White "Jörges, Frank"]
[Black "Schliepat, Reinhold"]
[Result "1/2-1/2"]
[WhiteElo "1795"]
[BlackElo "1851"]
[PlyCount "54"]
[EventDate "2011.??.??"]
[WhiteTeam "ESV Lok Meiningen"]
[BlackTeam "TSG Ruhla"]

1. d4 d6 2. Nf3 Bg4 3. e3 Nd7 4. Be2 e5 5. dxe5 dxe5 6. Nc3 Ngf6 7. O-O Be7 8.
h3 Bh5 9. b3 O-O 10. Bb2 c6 11. g4 Bg6 12. Nh4 Qc7 13. Nxg6 hxg6 14. Bf3 Rad8
15. Qe2 Rfe8 16. Rad1 Qa5 17. a3 Bf8 18. b4 Qc7 19. Ne4 Nxe4 20. Bxe4 Nf6 21.
Bg2 Nd7 22. c4 a5 23. c5 axb4 24. axb4 b6 25. cxb6 Nxb6 26. Rc1 e4 27. Qc2 Bxb4
1/2-1/2

[Event "Landesklasse West 2011/2012"]
[Site "?"]
[Date "2011.09.18"]
[Round "1"]
[White "Hagen, Matthias"]
[Black "Weiß, Daniel"]
[Result "0-1"]
[WhiteElo "1638"]
[BlackElo "1783"]
[PlyCount "118"]
[EventDate "2011.??.??"]
[WhiteTeam "TSG Ruhla"]
[BlackTeam "ESV Lok Meiningen"]

1. e4 d6 2. d4 Nf6 3. Nc3 g6 4. Nf3 Bg7 5. Be2 O-O 6. O-O Nbd7 7. Bf4 c5 8. Qd2
cxd4 9. Nd5 Nxe4 10. Qc1 Nb6 11. Nb4 e5 12. Bh6 Be6 13. Bxg7 Kxg7 14. Re1 Nc5
15. Ng5 Rc8 16. Qd2 Qd7 17. h4 f6 18. Nxe6+ Qxe6 19. Nd3 Nxd3 20. cxd3 Rf7 21.
Bd1 Rfc7 22. Bb3 Qf5 23. Rac1 Nd7 24. Rxc7 Rxc7 25. Qa5 b6 26. Qd5 Nc5 27. Qg8+
Kh6 28. Qf8+ Rg7 29. Bc2 Ne6 30. Qxd6 Nf4 31. Re4 Qe6 32. Qb4 Re7 33. Bb3 Qd7
34. Ba4 Qc7 35. Qd2 Kg7 36. g3 Ne6 37. Bd1 Qc6 38. h5 Ng5 39. Rg4 Nf3+ 40. Bxf3
Qxf3 41. h6+ Kf7 42. Rh4 Rc7 43. Rh1 Qc6 44. Kh2 Qc2 45. Rd1 Qxd2 46. Rxd2 g5
47. Kg2 Kg6 48. Kf3 Kxh6 49. Ke4 Kg6 50. f4 Rc5 51. Rf2 f5+ 52. Kf3 g4+ 53. Kg2
e4 54. dxe4 fxe4 55. Rd2 d3 56. Kf2 Rc2 57. Ke1 Rxd2 58. Kxd2 Kf5 59. Kc3 h5
0-1

[Event "Landesklasse West 2011/2012"]
[Site "?"]
[Date "2011.09.18"]
[Round "1"]
[White "Scheftlein, Richard"]
[Black "Voß, Ewald"]
[Result "1/2-1/2"]
[WhiteElo "1582"]
[BlackElo "1648"]
[PlyCount "56"]
[EventDate "2011.??.??"]
[WhiteTeam "ESV Lok Meiningen"]
[BlackTeam "TSG Ruhla"]

1. d4 d5 2. c4 c6 3. Nf3 Nf6 4. cxd5 cxd5 5. Nc3 e6 6. Bf4 Bd6 7. Bxd6 Qxd6 8.
e3 O-O 9. Bd3 a6 10. O-O Nc6 11. Bc2 h6 12. Rc1 b5 13. Ne2 Bb7 14. Ng3 Rac8 15.
Qd2 Rc7 16. Bb1 Rfc8 17. a3 Nd7 18. Rc3 f5 19. Rfc1 Ne7 20. Rxc7 Rxc7 21. Rxc7
Qxc7 22. Qc2 Qxc2 23. Bxc2 Kf7 24. Kf1 Nc6 25. Ke2 g5 26. h3 Nf6 27. Nd2 Na5
28. Kd3 Ke7 1/2-1/2

[Event "Landesklasse West 2011/2012"]
[Site "?"]
[Date "2011.09.18"]
[Round "1"]
[White "Möller, Hans-Joachim"]
[Black "Webel, Jannik"]
[Result "1-0"]
[WhiteElo "1752"]
[BlackElo "1621"]
[PlyCount "51"]
[EventDate "2011.??.??"]
[WhiteTeam "TSG Ruhla"]
[BlackTeam "ESV Lok Meiningen"]

1. e4 c5 2. f4 d6 3. Nf3 Nf6 4. d3 e6 5. Be2 Be7 6. O-O O-O 7. h3 Nbd7 8. Be3
Qc7 9. g4 c4 10. Nbd2 cxd3 11. cxd3 b6 12. Rc1 Qd8 13. Nd4 Bb7 14. g5 Ne8 15.
Nc6 Bxc6 16. Rxc6 Rc8 17. Qc2 Rxc6 18. Qxc6 Qc7 19. Rc1 Qxc6 20. Rxc6 g6 21.
Rc8 h6 22. d4 hxg5 23. fxg5 f5 24. Bb5 Ng7 25. Bxd7 Rxc8 26. Bxc8 1-0

[Event "Landesklasse West 2011/2012"]
[Site "?"]
[Date "2011.10.09"]
[Round "2"]
[White "Geißhirt, Marco"]
[Black "Lehmann, Peter"]
[Result "0-1"]
[WhiteElo "1823"]
[BlackElo "1908"]
[PlyCount "60"]
[EventDate "2011.??.??"]
[WhiteTeam "SG Barchfeld/Breitungen"]
[BlackTeam "ESV Lok Meiningen"]

1. Nf3 d5 2. g3 e6 3. Bg2 Nf6 4. O-O Bd6 5. c4 c6 6. d4 O-O 7. Nc3 Nbd7 8. cxd5
exd5 9. a3 Re8 10. b4 a6 11. Ne1 Nb6 12. Qd3 h6 13. h3 Be6 14. Nc2 Qd7 15. Kh2
Bf5 16. Qd1 Nc4 17. Na4 b5 18. Nb2 a5 19. Nxc4 bxc4 20. bxa5 Rxa5 21. Bd2 Ra7
22. Ne3 Rea8 23. Nxf5 Qxf5 24. a4 Ne4 25. Bxe4 Qxe4 26. Bc3 Qe7 27. f4 Re8 28.
Ra2 g5 29. f5 g4 30. hxg4 Qh4+ 0-1

[Event "Landesklasse West 2011/2012"]
[Site "?"]
[Date "2011.10.09"]
[Round "2"]
[White "Hocke, Sebastian"]
[Black "Rommel, Uwe"]
[Result "1/2-1/2"]
[WhiteElo "1798"]
[BlackElo "1861"]
[PlyCount "47"]
[EventDate "2011.??.??"]
[WhiteTeam "ESV Lok Meiningen"]
[BlackTeam "SG Barchfeld/Breitungen"]

1. e4 e5 2. Bc4 Nf6 3. Nc3 Bc5 4. Nf3 d6 5. d3 c6 6. O-O b5 7. Bb3 a5 8. a4 b4
9. Ne2 Bg4 10. Ng3 Nbd7 11. h3 Be6 12. Bxe6 fxe6 13. d4 Ba7 14. c3 Qe7 15. Qd3
O-O 16. Bd2 exd4 17. Nxd4 Ne5 18. Qe2 Nfd7 19. f4 Ng6 20. Kh2 Bxd4 21. cxd4 c5
22. dxc5 Nxc5 23. Be3 Rac8 24. f5 1/2-1/2

[Event "Landesklasse West 2011/2012"]
[Site "?"]
[Date "2011.10.09"]
[Round "2"]
[White "Reum, Lutz"]
[Black "Grube, Jan"]
[Result "1/2-1/2"]
[WhiteElo "1859"]
[BlackElo "1832"]
[PlyCount "102"]
[EventDate "2011.??.??"]
[WhiteTeam "SG Barchfeld/Breitungen"]
[BlackTeam "ESV Lok Meiningen"]

1. Nf3 c5 2. e3 d5 3. d4 e6 4. Nbd2 Nf6 5. c3 Be7 6. Bd3 O-O 7. O-O Nbd7 8. Qe2
b6 9. e4 dxe4 10. Nxe4 Bb7 11. Re1 cxd4 12. Nxd4 Nc5 13. Nxc5 Bxc5 14. Nf3 h6
15. Bf4 Bd6 16. Bxd6 Qxd6 17. Rad1 Bxf3 18. Qxf3 Qc7 19. Rd2 Rad8 20. Red1 Rd5
21. Bc2 Rfd8 22. Rxd5 Rxd5 23. Rxd5 Nxd5 24. Qe4 g6 25. g3 Nf6 26. Qd4 e5 27.
Qd3 Kg7 28. h4 Qc6 29. f3 h5 30. Kf2 Nd5 31. Qe4 Qd6 32. Ke2 Nf6 33. Qd3 Qc7
34. Qe3 Qc4+ 35. Kd2 Qxa2 36. Qxe5 Qxb2 37. g4 Qa2 38. gxh5 Qd5+ 39. Qxd5 Nxd5
40. hxg6 fxg6 41. Be4 Ne7 42. Kd3 Nf5 43. h5 Kf6 44. hxg6 Kxg6 45. Kc4 Kf6 46.
Kd5 Ne3+ 47. Kc6 Nd1 48. c4 Nc3 49. Bh7 Ke5 50. Bg8 Kd4 51. Kb7 b5 1/2-1/2

[Event "Landesklasse West 2011/2012"]
[Site "?"]
[Date "2011.10.09"]
[Round "2"]
[White "Von Otte, Wilhelm"]
[Black "Crivellaro, Heiko"]
[Result "1-0"]
[WhiteElo "1836"]
[BlackElo "1775"]
[PlyCount "59"]
[EventDate "2011.??.??"]
[WhiteTeam "ESV Lok Meiningen"]
[BlackTeam "SG Barchfeld/Breitungen"]

1. e4 e5 2. Nf3 Nf6 3. Nxe5 d6 4. Nf3 Nxe4 5. Nc3 Nf6 6. d4 d5 7. Bg5 Be7 8.
Bd3 Bg4 9. Qd2 Bxf3 10. gxf3 Qd7 11. O-O-O Nc6 12. Qf4 Nh5 13. Qh4 Nf6 14. Qf4
Nh5 15. Qh4 Nf6 16. Rhe1 O-O-O 17. Bb5 h6 18. Bxc6 bxc6 19. Be3 Ne4 20. Qg4
Nxc3 21. bxc3 Rhg8 22. Qg2 Ba3+ 23. Kd2 g5 24. Qf1 Kb8 25. Qa6 Bc5 26. dxc5 Ka8
27. Rb1 Rb8 28. Rb3 f5 29. Reb1 Rge8 30. Qxa7+ 1-0

[Event "Landesklasse West 2011/2012"]
[Site "?"]
[Date "2011.10.09"]
[Round "2"]
[White "Heß, Wolfgang"]
[Black "Jörges, Frank"]
[Result "1/2-1/2"]
[WhiteElo "1738"]
[BlackElo "1795"]
[PlyCount "63"]
[EventDate "2011.??.??"]
[WhiteTeam "SG Barchfeld/Breitungen"]
[BlackTeam "ESV Lok Meiningen"]

1. e4 d5 2. exd5 Qxd5 3. Nc3 Qd6 4. Nf3 Nf6 5. h3 a6 6. d4 b5 7. a3 Bb7 8. Be2
e6 9. Be3 Nc6 10. Qd2 Rd8 11. Rd1 Be7 12. b4 O-O 13. O-O Rfe8 14. Qc1 Qd7 15.
Ne5 Qc8 16. Nf3 Bd6 17. Bg5 Be7 18. Be3 Nb8 19. Ne5 Nbd7 20. Nd3 Nd5 21. Nxd5
exd5 22. Bg4 Qa8 23. Bf4 Bd6 24. Be3 Nf6 25. Bf3 Ne4 26. Bxe4 dxe4 27. Nc5 Bxc5
28. dxc5 Bd5 29. Rd4 Qc8 30. Rfd1 c6 31. Bf4 Qf5 32. Qe3 1/2-1/2

[Event "Landesklasse West 2011/2012"]
[Site "?"]
[Date "2011.10.09"]
[Round "2"]
[White "Weiß, Daniel"]
[Black "Abe, Rico"]
[Result "0-1"]
[WhiteElo "1783"]
[BlackElo "1723"]
[PlyCount "54"]
[EventDate "2011.??.??"]
[WhiteTeam "ESV Lok Meiningen"]
[BlackTeam "SG Barchfeld/Breitungen"]

1. e4 d6 2. d4 Nf6 3. Nc3 g6 4. g3 Bg7 5. Bg2 O-O 6. Nge2 e5 7. h3 exd4 8. Nxd4
Re8 9. O-O a6 10. Be3 c5 11. Nde2 Nc6 12. a4 Rb8 13. f4 Qc7 14. g4 Ne7 15. Ng3
b6 16. g5 Nd7 17. f5 Bxc3 18. bxc3 Ne5 19. Nh5 gxh5 20. Qxh5 Kh8 21. Rf4 N7g6
22. fxg6 fxg6 23. Qh4 Qg7 24. Raf1 Kg8 25. Rf6 Be6 26. Rd1 Rbd8 27. Bf1 Qxf6
0-1

[Event "Landesklasse West 2011/2012"]
[Site "?"]
[Date "2011.10.09"]
[Round "2"]
[White "Kleinsteuber, Erik"]
[Black "Rosenberg, Erik"]
[Result "1/2-1/2"]
[WhiteElo "1624"]
[BlackElo "1446"]
[PlyCount "117"]
[EventDate "2011.??.??"]
[WhiteTeam "SG Barchfeld/Breitungen"]
[BlackTeam "ESV Lok Meiningen"]

1. e4 c6 2. d4 d5 3. Nc3 dxe4 4. Nxe4 Nd7 5. Nf3 Ngf6 6. Ng3 e6 7. Bf4 Nb6 8.
Bd3 Be7 9. O-O O-O 10. c3 c5 11. dxc5 Bxc5 12. Qc2 Nbd5 13. Rad1 Qb6 14. Bg5 h6
15. Bxf6 Nxf6 16. Ne4 Be7 17. Rfe1 Qc7 18. h3 b6 19. Nd4 a6 20. Qe2 Bb7 21.
Nxf6+ Bxf6 22. Be4 Bxe4 23. Qxe4 Bxd4 24. Rxd4 Rad8 25. Red1 Rxd4 26. Qxd4 Rc8
27. a3 a5 28. Qd6 Qxd6 29. Rxd6 b5 30. Rb6 Rc5 31. Kf1 a4 32. Ke2 g5 33. f3 Kg7
34. Rd6 Kf6 35. Rd4 Rc4 36. Kd3 Rc5 37. c4 bxc4+ 38. Rxc4 Ra5 39. Kc3 Kf5 40.
Kd4 Kf4 41. Kd3+ Kg3 42. Rc2 f5 43. Re2 e5 44. Kc4 Kf4 45. b4 axb3 46. Kxb3 h5
47. Kb4 Rd5 48. a4 g4 49. fxg4 hxg4 50. hxg4 Kxg4 51. a5 f4 52. a6 f3 53. gxf3+
Kxf3 54. Ra2 Rd8 55. a7 Ra8 56. Kc3 e4 57. Kd2 Kf2 58. Kc3+ Kf3 59. Kd2 1/2-1/2

[Event "Landesklasse West 2011/2012"]
[Site "?"]
[Date "2011.10.09"]
[Round "2"]
[White "Scheftlein, Richard"]
[Black "Theer, Tino"]
[Result "1/2-1/2"]
[WhiteElo "1582"]
[BlackElo "1541"]
[PlyCount "102"]
[EventDate "2011.??.??"]
[WhiteTeam "ESV Lok Meiningen"]
[BlackTeam "SG Barchfeld/Breitungen"]

1. d4 d6 2. c4 Nf6 3. Nc3 g6 4. e4 Bg7 5. Be2 O-O 6. Bg5 Re8 7. Qd2 c6 8. Nf3
Bg4 9. h3 Bxf3 10. Bxf3 Nbd7 11. O-O Qc7 12. Rac1 e5 13. d5 Nb6 14. Be2 a6 15.
Rfd1 c5 16. Bd3 Rab8 17. Ne2 Nbd7 18. a3 b5 19. b4 bxc4 20. Rxc4 Qa7 21. bxc5
Nxc5 22. Be3 Nfd7 23. Nc3 Rb3 24. a4 Reb8 25. Bc2 Rb2 26. Rb1 Qb7 27. Rxb2 Qxb2
28. Qc1 Qb7 29. Na2 a5 30. Bxc5 Nxc5 31. Nc3 Qa6 32. Nb5 Rxb5 33. axb5 Qxb5 34.
Rc3 Bf6 35. Qb1 Qxb1+ 36. Bxb1 Bg5 37. Ra3 Bd2 38. Bc2 Bb4 39. Ra1 Bc3 40. Ra2
Bb4 41. Kf1 Kf8 42. Ke2 Ke7 43. g3 Kd8 44. f4 f6 45. fxe5 fxe5 46. Kf3 h6 47.
Kg4 Ke7 48. h4 h5+ 49. Kh3 Kf6 50. g4 hxg4+ 51. Kxg4 Kf7 1/2-1/2

[Event "Landesklasse West 2011/2012"]
[Site "?"]
[Date "2011.10.09"]
[Round "2"]
[White "Essegern, Kurt"]
[Black "Moise, Adrian"]
[Result "0-1"]
[WhiteElo "1979"]
[BlackElo "2169"]
[PlyCount "147"]
[EventDate "2011.??.??"]
[WhiteTeam "Randspringer Bad Salzungen"]
[BlackTeam "SV Ammern"]

1. e4 d5 2. exd5 Qxd5 3. Nc3 Qa5 4. d4 Nf6 5. Nf3 c6 6. Bc4 Bf5 7. O-O e6 8.
Bd2 Qc7 9. Qe2 Be7 10. Rfe1 O-O 11. Bb3 Nbd7 12. Nh4 Bg6 13. Nxg6 hxg6 14. Ne4
Nxe4 15. Qxe4 Nf6 16. Qe2 Rad8 17. Be3 Bd6 18. g3 Nd5 19. Bg5 Be7 20. Bxe7 Qxe7
21. c4 Nf6 22. Rad1 Qb4 23. Rd3 Rd7 24. Red1 Rfd8 25. a3 Qa5 26. Ba2 Qf5 27.
Bb1 Qg5 28. b4 Qh5 29. Qxh5 gxh5 30. f3 a5 31. bxa5 Ra8 32. Kf2 Rxa5 33. Ba2
Kf8 34. Ke3 Ke7 35. h3 b5 36. cxb5 cxb5 37. Rb1 Rda7 38. g4 Rxa3 39. Bb3 hxg4
40. hxg4 Ra1 41. Rb2 Rd7 42. d5 exd5 43. g5 Ne8 44. Bxd5 Nc7 45. Be4 Rxd3+ 46.
Bxd3 Ra5 47. f4 Kd6 48. f5 Nd5+ 49. Kd2 Kc5 50. f6 gxf6 51. gxf6 Nxf6 52. Rc2+
Kb6 53. Ke3 Nd5+ 54. Kd4 Nb4 55. Rf2 Nc6+ 56. Kd5 Ra7 57. Rf6 Rd7+ 58. Ke4 Re7+
59. Kd5 Rd7+ 60. Ke4 b4 61. Bc2 Kc5 62. Bb3 Re7+ 63. Kd3 Ne5+ 64. Kc2 Rc7 65.
Kd2 Rd7+ 66. Kc2 Rb7 67. Rf4 Kd6 68. Rd4+ Ke7 69. Re4 f6 70. Ba4 Kd6 71. Rf4
Ke7 72. Kb3 Nd3 73. Re4+ Kf7 74. Kc4 0-1

[Event "Landesklasse West 2011/2012"]
[Site "?"]
[Date "2011.10.09"]
[Round "2"]
[White "Dawydow, Alexej"]
[Black "Hübschmann, Holger"]
[Result "1-0"]
[WhiteElo "1940"]
[BlackElo "1915"]
[PlyCount "97"]
[EventDate "2011.??.??"]
[WhiteTeam "SV Ammern"]
[BlackTeam "Randspringer Bad Salzungen"]

1. e4 e6 2. d4 d5 3. Nc3 Bb4 4. e5 c5 5. a3 Bxc3+ 6. bxc3 Ne7 7. Qg4 Ng6 8. h4
h5 9. Qg3 c4 10. Nh3 Nc6 11. Be2 Bd7 12. Ng5 Qe7 13. a4 Qf8 14. Ba3 Nge7 15.
Nh3 O-O-O 16. Nf4 g6 17. Qg5 Re8 18. Qf6 Rh7 19. Nh3 Rg7 20. Ng5 Qg8 21. Qf4
Nb8 22. Bc1 Bc6 23. f3 Nd7 24. g4 Rf8 25. Qg3 f6 26. exf6 Rxf6 27. Bf4 Kd8 28.
Bd6 Nc8 29. Bc7+ Ke8 30. Ba5 b6 31. Bb4 Kd8 32. a5 Qe8 33. axb6 axb6 34. O-O e5
35. Rae1 Rf4 36. Nh3 Rf6 37. Bd1 hxg4 38. dxe5 Re6 39. fxg4 Nxe5 40. Nf4 Rf6
41. g5 Rff7 42. Bg4 Bd7 43. Rxe5 Qxe5 44. Ne6+ Bxe6 45. Qxe5 Rxf1+ 46. Kxf1
Rf7+ 47. Bf3 Kd7 48. Kg2 Ne7 49. Qd6+ 1-0

[Event "Landesklasse West 2011/2012"]
[Site "?"]
[Date "2011.10.09"]
[Round "2"]
[White "Schulz, Tilo"]
[Black "Kampfhenkel, Ulrich"]
[Result "1/2-1/2"]
[WhiteElo "1870"]
[BlackElo "2001"]
[PlyCount "85"]
[EventDate "2011.??.??"]
[WhiteTeam "Randspringer Bad Salzungen"]
[BlackTeam "SV Ammern"]

1. e4 e5 2. Nf3 Nc6 3. d4 exd4 4. Nxd4 Qf6 5. Be3 Bc5 6. Nb5 Bxe3 7. fxe3 Qe5
8. N5c3 Nf6 9. Nd2 O-O 10. Bd3 d6 11. Qf3 Bg4 12. Qf2 Be6 13. h3 a6 14. O-O b5
15. Nf3 Qc5 16. Nd4 Ne7 17. a4 b4 18. Nce2 Qg5 19. Qf4 Qc5 20. Qf2 Ng6 21. Ng3
Qe5 22. Rab1 Bd7 23. Nf3 Qe7 24. Nd4 c5 25. Ndf5 Bxf5 26. Qxf5 Qe5 27. Qxe5
Nxe5 28. b3 d5 29. exd5 Nxd3 30. cxd3 Nxd5 31. Rbe1 Rfe8 32. Ne4 Rec8 33. Rf5
Ne7 34. Rxc5 f5 35. Rxc8+ Rxc8 36. Nf2 Rc3 37. Rb1 Nc6 38. d4 Rxe3 39. d5 Nd8
40. Rc1 Kf8 41. Rc8 Ke8 42. Ra8 Rxb3 43. Rxa6 1/2-1/2

[Event "Landesklasse West 2011/2012"]
[Site "?"]
[Date "2011.10.09"]
[Round "2"]
[White "Wegerich, Michael"]
[Black "Essegern, Uwe"]
[Result "1-0"]
[WhiteElo "1998"]
[BlackElo "1876"]
[PlyCount "47"]
[EventDate "2011.??.??"]
[WhiteTeam "SV Ammern"]
[BlackTeam "Randspringer Bad Salzungen"]

1. e4 d6 2. Nf3 Nf6 3. Nc3 g6 4. Bc4 Bg7 5. h3 a6 6. a4 b6 7. O-O Bb7 8. d4 O-O
9. Re1 h6 10. e5 dxe5 11. Nxe5 Nd5 12. Nxd5 Bxd5 13. Bxd5 Qxd5 14. c4 Qd8 15.
Qf3 Ra7 16. Be3 c5 17. Rad1 Qe8 18. b3 Kh7 19. Qg3 f6 20. Nd3 cxd4 21. Bxd4 Rb7
22. Qe3 b5 23. axb5 axb5 24. Nc5 1-0

[Event "Landesklasse West 2011/2012"]
[Site "?"]
[Date "2011.10.09"]
[Round "2"]
[White "Roth, Ralf"]
[Black "Kurze, Christoph"]
[Result "1/2-1/2"]
[WhiteElo "1843"]
[BlackElo "1890"]
[PlyCount "88"]
[EventDate "2011.??.??"]
[WhiteTeam "Randspringer Bad Salzungen"]
[BlackTeam "SV Ammern"]

1. d4 Nf6 2. g3 e6 3. Bg2 d5 4. Nf3 c5 5. O-O Nc6 6. c3 Ne4 7. Nbd2 f5 8. Ne5
Nxe5 9. dxe5 Nxd2 10. Bxd2 Qc7 11. Bf4 Be7 12. h4 Bd7 13. Bxd5 exd5 14. e6 Qc6
15. exd7+ Qxd7 16. Qd3 Bf6 17. Qe3+ Qe7 18. Qf3 Rd8 19. Rfd1 Qe4 20. Qd3 Qxd3
21. Rxd3 Kf7 22. Rad1 Ke6 23. Bg5 b5 24. Bxf6 gxf6 25. Kg2 Rhg8 26. Kf3 Rg4 27.
e3 a5 28. Kg2 Ra4 29. a3 Rd7 30. f3 h5 31. Kf2 Ke5 32. Ke2 Rd6 33. Kd2 c4 34.
Rd4 b4 35. axb4 axb4 36. Kc2 Ke6 37. cxb4 Rxb4 38. e4 fxe4 39. fxe4 Rdb6 40.
exd5+ Ke5 41. d6 Rxb2+ 42. Kc3 R2b3+ 43. Kxc4 R3b4+ 44. Kc5 R4b5+ 1/2-1/2